All Japanese cities with >300k population - Statistics

General Stats
  • This quiz has been taken 53 times
    42 since last reset
  • The average score is 34 of 61
Answer Stats
City Population % Correct
Osaka 2,592,413
100%
Tokyo 8,336,599
100%
Hiroshima 1,143,841
97%
Kyoto 1,459,640
97%
Fukuoka 1,392,289
91%
Nagasaki 410,204
91%
Sapporo 1,883,027
91%
Yokohama 3,574,443
91%
Chiba 919,729
88%
Kobe 1,528,478
85%
Sendai 1,063,103
85%
Nagano 360,176
82%
Nagoya 2,191,279
82%
Saitama 1,193,350
82%
Kumamoto 680,423
79%
Niigata 505,272
79%
Miyazaki 311,203
76%
Kagoshima 555,352
73%
Kawasaki 1,306,785
73%
Nara-shi 367,353
73%
Oita 448,907
73%
Okayama 639,652
73%
Kitakyushu 997,536
70%
Shizuoka 701,561
70%
Akita 320,069
67%
Gifu-shi 397,714
64%
Hamamatsu 605,098
64%
Kochi 335,570
61%
Sakai 782,339
58%
Toyama 325,532
55%
Wakayama 351,000
55%
Himeji 481,493
52%
Kanazawa 458,937
52%
Naha 300,795
52%
Toyota 362,383
48%
Hachioji 579,399
45%
Matsuyama 443,322
45%
Asahikawa 356,612
42%
Takamatsu 334,223
42%
Utsunomiya 449,865
42%
Fukuyama 383,298
36%
Kawagoe 337,931
36%
Nishinomiya-hama 468,925
36%
Toyohashi 378,374
36%
Yokosuka 428,992
33%
Kawaguchi 468,565
30%
Kurashiki 437,581
30%
Machida 399,969
30%
Kashiwa 340,221
27%
Koriyama 340,560
27%
Matsudo 470,277
27%
Okazaki 352,361
27%
Amagasaki 442,173
24%
Fujisawa 394,624
24%
Hirakata 406,331
24%
Tokorozawa 339,435
24%
Iwaki 357,309
21%
Koshigaya 317,437
21%
Toyonaka 384,459
21%
Suita 351,630
18%
Takatsuki 354,468
18%
No matching quizzes found
Score Distribution
Percent of People with Each Score
Percentile by Number Answered
Your Score History
You have not taken this quiz since the last reset